Vývoz banských lokomotív pre turecké uhoľné bane firmou PHS-Strojárne diplomová práca

Gespeichert in:
Bibliographische Detailangaben
1. Verfasser: Fiľo, Miroslav
Körperschaft: Obchodná fakulta EU. Katedra medzinárodného obchodu
Weitere Verfasser: Knapik, Peter
Format: Buch
Sprache:Slowakisch
Veröffentlicht: Bratislava 2010
Tags: Tag hinzufügen
Keine Tags, Fügen Sie das erste Tag hinzu!

MARC

LEADER 00000nam a2200000 4500
001 0120002
005 20240318123915.1
041 0 |a slo 
044 |a SK 
245 1 0 |a Vývoz banských lokomotív pre turecké uhoľné bane firmou PHS-Strojárne  |b diplomová práca  |c Miroslav Fiľo ; škol. Peter Knapik 
264 1 |a Bratislava  |c 2010 
300 |a 82 s. 
100 1 |a Fiľo, Miroslav 
700 1 |a Knapik, Peter 
710 2 |a Obchodná fakulta EU. Katedra medzinárodného obchodu